| Tag |
First Indicator |
Second Indicator |
Subfields |
| LEADER |
00000cam a2200000 a 4500 |
| 001 |
in00000072406 |
| 005 |
20151008053412.0 |
| 008 |
770802s1977 cau b 00010 engmd |
| 010 |
|
|
|a 77072851
|
| 020 |
|
|
|a 0803906536
|
| 035 |
|
|
|a (OCoLC)03154608
|
| 035 |
|
|
|9 AAH7321AM
|
| 040 |
|
|
|a SNN
|c SNN
|d OCL
|d TXA
|d UtOrBLW
|
| 049 |
|
|
|a TXAM
|c [1480884]
|
| 090 |
|
|
|a HA29
|b .Q2 no. 7
|
| 100 |
1 |
|
|a Reynolds, H. T.
|q (Henry T.)
|
| 245 |
1 |
0 |
|a Analysis of nominal data /
|c H.T. Reynolds.
|
| 264 |
|
1 |
|a Beverly Hills, Calif. :
|b Sage Publications,
|c [1977]
|
| 264 |
|
4 |
|c ©1977
|
| 300 |
|
|
|a 82 pages ;
|c 22 cm.
|
| 336 |
|
|
|a text
|b txt
|2 rdacontent
|
| 337 |
|
|
|a unmediated
|b n
|2 rdamedia
|
| 338 |
|
|
|a volume
|b nc
|2 rdacarrier
|
| 490 |
1 |
|
|a Sage university papers series. Quantitative applications in the social sciences ;
|v no. 7
|
| 504 |
|
|
|a Bibliography: pages 81-82.
|
| 500 |
|
|
|a "A Sage university paper"
|
| 650 |
|
0 |
|a Social sciences
|x Statistical methods.
|
| 830 |
|
0 |
|a Quantitative applications in the social sciences ;
|v no. 7.
|
| 999 |
|
|
|a MARS
|
| 999 |
f |
f |
|s 92c52f92-498b-37dd-a8e5-a1e6cf671afc
|i 43d1c690-db25-39c8-806b-f9d2e7a5f378
|t 0
|
| 952 |
f |
f |
|p ric
|a Texas A&M University
|b Rellis Campus
|c Joint Library Facility
|d Remote Storage
|t 0
|e HA29 .Q2 no. 7
|h Library of Congress classification
|i unmediated -- volume
|m A14830540003
|
| 998 |
f |
f |
|a HA29 .Q2 no. 7
|t 0
|l Remote Storage
|